000 00964nam a22003497b 4500
001 002126
003 DO-SdBNP
005 20180205144546.0
007 002126
008 060904s2010 sp | ||| ||spa
016 7 _a
_2BPMSU
017 _a
_b
020 _a9788466324144
035 _a
040 _aBPMSU
_bspa
_cBPMSU
_e
080 0 _a
082 _2
_aA863.6
_bN489v
100 _aNeuman, Andrés,
_d1977-
245 0 0 _a El viajero del siglo /
_h
_cAndrés Neuman
260 _aMadrid :
_bAlfaguara,
_c2010
300 _a 586 p. :
_c21 cm
490 1 _aPunto de lectura
_v406/1
586 _aPremio Alfaguara de Novela 2009.
586 _aPremio nacional de la crítica 2010
650 _aNOVELA ARGENTINA
650 _aVIAJES
_vNOVELA
700 1 _aAnsolabehere, Pablo
830 0 _a Punto de lectura
_v406/1
942 _2ddc
_cBK
945 _aInventariado, 2018 / BT
956 _aVMATEO
_b10
_c20160622
_dBPMSU
_f0069
999 _c10507
_d10507